| 000 | 00362nam a2200121 a 4500 | ||
|---|---|---|---|
| 005 | 20140414093831.0 | ||
| 008 | 021220s19uu xx 00 eng d | ||
| 050 |
_aVHS 700 _bR 10 |
||
| 245 |
_aTeacher Esther (Physical Education and Music) : _bgrades 1 & 2 (record). |
||
| 260 | _bSouthville International School and Colleges. | ||
| 942 | _cAVM | ||
| 999 |
_c108729 _d108729 |
||